[Event "Ajaccio op"]
[Site "Ajaccio"]
[Date "2016.07.26"]
[Round "1"]
[White "Guillemart, Serge"]
[Black "Nonna, Jean Francois"]
[Result "1-0"]
[WhiteElo "1941"]
[BlackElo "1489"]
[PlyCount "43"]
[EventDate "2016.07.26"]
[EventType "swiss"]
[EventRounds "7"]
[EventCountry "FRA"]
[SourceTitle "EXT 2024"]
[Source "ChessBase"]
[SourceDate "2023.10.10"]
[SourceVersion "1"]
[SourceVersionDate "2023.10.10"]
[SourceQuality "1"]

1. Nf3 Nf6 2. c4 g6 3. b4 Bg7 4. Bb2 d6 5. g3 b6 6. Bg2 Bb7 7. 0-0 0-0 8. d3 Nbd7 9. Nbd2 c5 10. a3 e6 11. Qb3 Rb8 12. b5 d5 13. e3 Re8 14. a4 a5 15. Ne5 Nxe5 16. Bxe5 Rc8 17. Qb2 Nh5 18. f4 Nf6 19. g4 Qe7 20. Rae1 Red8 21. Bf3 dxc4 22. Bxb7 1-0

[Event "Porticcio op 2nd"]
[Site "Grosseto Prugna"]
[Date "2015.06.27"]
[Round "1"]
[White "Fedorchuk, Sergey A"]
[Black "Nonna, Jean Francois"]
[Result "1/2-1/2"]
[WhiteElo "2647"]
[BlackElo "1572"]
[PlyCount "51"]
[EventDate "2015.06.27"]
[EventType "swiss"]
[EventRounds "9"]
[EventCountry "FRA"]
[SourceTitle "CBM 167 Extra"]
[Source "ChessBase"]
[SourceDate "2015.09.14"]
[SourceVersion "1"]
[SourceVersionDate "2015.09.14"]
[SourceQuality "1"]

1. e4 e5 2. Nf3 Nc6 3. Bb5 a6 4. Ba4 Nf6 5. d3 b5 6. Bb3 Be7 7. Nc3 Bb7 8. Bd2 d6 9. a4 b4 10. Nd5 a5 11. c3 Ba6 12. Nxf6+ Bxf6 13. Bd5 Qd7 14. cxb4 axb4 15. Rc1 Bb7 16. 0-0 0-0 17. Rc4 Na5 18. Rxb4 Bxd5 19. exd5 Bd8 20. Rb5 c6 21. dxc6 Qxc6 22. Qc1 Qa6 23. Qc3 Re8 24. Rc1 Re7 25. Rxa5 Qxa5 26. Qxa5 1/2-1/2